Normal view
MARC view
- Coins
Entry Topical Term
001 - CONTROL NUMBER
- control field: 153771
003 - CONTROL NUMBER IDENTIFIER
- control field: TR-AnTOB
005 - DATE AND TIME OF LATEST TRANSACTION
- control field: 20260417145456.0
008 - FIXED-LENGTH DATA ELEMENTS
- fixed length control field: 260417n|eazannbab| |n aaa d
035 ## - SYSTEM CONTROL NUMBER
- System control number: (TR-AnTOB)153771
040 ## - CATALOGING SOURCE
- Original cataloging agency: TR-AnTOB
- Transcribing agency: TR-AnTOB
150 ## - HEADING--TOPICAL TERM
- Topical term or geographic name entry element: Coins
- Form subdivision: Drama
450 ## - SEE FROM TRACING--TOPICAL TERM
- Topical term or geographic name entry element: Madeni paralar
- Form subdivision: Drama
450 ## - SEE FROM TRACING--TOPICAL TERM
- Topical term or geographic name entry element: Sikkeler
- Form subdivision: Drama
688 ## - APPLICATION HISTORY NOTE
- Institution to which field applies: TR-AnTOB
- Application history note: Op 17.04.2026



